000 00294nam a22001337a 4500
008 170511b xxu||||| |||| 00| 0 eng d
020 _a9780135042625
041 _aeng
080 _22ND
_a343.9
100 _a15
101 _aSHJ
245 _aCRIMINAL JUSTICE
_cFULLER, J.R
942 _2udc
_cBK
999 _c13177
_d13177